| 000 | 00889nab a2200265 u 4500 | ||
|---|---|---|---|
| 001 | 11297 | ||
| 003 | HDC | ||
| 007 | cr bn ---aaaaa | ||
| 008 | 210206c9999 |r|noo 0 a ind d | ||
| 040 | _aHDC | ||
| 100 |
_a Maya Safira _eauthor _910098 |
||
| 245 | 0 |
_aPameran Gulfood 2015 akan Fokus Pada Industri Makanan Halal / oleh _c Maya Safira |
|
| 260 |
_a[no place] : _b[publisher not identified], _c[no year] |
||
| 336 |
_atext _2rdacontent |
||
| 337 |
_acomputer _2rdamedia |
||
| 338 |
_aonline resource _2rdacarrier |
||
| 650 |
_aHalal Food World _911598 |
||
| 650 |
_aHalal food _950 |
||
| 650 |
_ahalal industry _9144 |
||
| 710 | _aDetik.com | ||
| 856 | _zRequest full-text at [email protected] | ||
| 942 | _2lcc | ||
| 942 | _cNEWS | ||
| 942 | _kNWSO 001302 | ||
| 999 |
_c8620 _d8620 |
||